TEXTBOOK OF PARACETAMOL A MAGIC DRUG BUT WITH ADVERSITY (Record no. 9013)

MARC details
000 -LEADER
fixed length control field 00550nam a22001817a 4500
005 - DATE AND TIME OF LATEST TRANSACTION
control field 20251128120500.0
008 - FIXED-LENGTH DATA ELEMENTS--GENERAL INFORMATION
fixed length control field 251126b |||||||| |||| 00| 0 eng d
020 ## - INTERNATIONAL STANDARD BOOK NUMBER
ISBN 978-93-91208-59-2
041 ## - LANGUAGE CODE
Language code of text/sound track or separate title eng
082 ## - DEWEY DECIMAL CLASSIFICATION NUMBER
Classification number 615.32 ZAG-T
100 ## - MAIN ENTRY--AUTHOR NAME
Personal name ZAGEER, DR. DHEAA SHAMIKH AND HANTOOSH, DR. SUNDS FADHIL
245 ## - TITLE STATEMENT
Title TEXTBOOK OF PARACETAMOL A MAGIC DRUG BUT WITH ADVERSITY
250 ## - EDITION STATEMENT
Edition statement RE. PRINT ED. 2025
260 ## - PUBLICATION, DISTRIBUTION, ETC. (IMPRINT)
Place of publication NEW DELHI
Name of publisher INNOVATIVE PUBLICATIONS PVT LTD
Year of publication 2025
300 ## - PHYSICAL DESCRIPTION
Number of Pages 194;P
650 ## - SUBJECT ADDED ENTRY--TOPICAL TERM
Topical Term PHARMACY
General subdivision B.PHARMA
942 ## - ADDED ENTRY ELEMENTS (KOHA)
Koha item type Books
Holdings
Lost status Damaged status Collection code Home library Current library Shelving location Date acquired Source of acquisition Cost, normal purchase price Full call number Accession Number Koha item type
    PHARMACY JRU Library JRU Library SHELF-3-E 14/11/2025 PURCHASE 450.00 615.32 29123 Books